00771 a2200157 4500003000500000005001700005020001500022040000900037082001600046100002000062245005100082260002500133300001000158505042100168650002400589Nust20230209090021.0 a1850657114 cNust a954.035,HAR aHardiman, David aGandhi in His Time And Ours / cDavid Hardiman aLondonbHurst And Co a334:p aIntroduction : The Gandhi Dialogic (Page-1), An Incorporative Nationalism (Page-12), Dialogic Resistance (Page-39), An Alternative Modernity (Page-66), Father of the Nation (Page-94), Dalit and Adivasi Assertion (Page-123), Fighting Religious Hatreds (Page-156), Gandhi an Activism in India After Independence (Page-198), Gandhi’s Global Legacy (Page-238), The Moral Activists Lonely Path to Martyrdom (Page-294). aGandhi in His Time